Do you know Germany - Statistics

General Stats
  • This quiz has been taken 70 times
  • The average score is 11 of 16
Answer Stats
Hint Answer % Correct
Location (Continent) Europe
100%
Leader during WW2 Adolf Hitler
98%
Capital Berlin
97%
Other fully Germany speaking country (Bordering Germany) Austria
92%
Smallest bordering country of Germany Luxembourg
87%
Most famous car brand (According to Google) Volkswagen
85%
National airlines Lufthansa
82%
Only German city with skyscrapers Frankfurt am Main
78%
Largest Bundesland Bavaria
72%
What peninsula country does Germany border Denmark
70%
Name of german parliament Bundestag
67%
Second most spoken language in Germany French
57%
Longest river Donau
38%
Famous building found Berlin Brandenburger Tor
28%
Name of the german flag Bundesflagge
5%
National dish Sauerbraten
2%
No matching quizzes found
Score Distribution
Percent of People with Each Score
Percentile by Number Answered
Your Score History
You have not taken this quiz